| 000 | 00820nam a2200265 i 4500 | ||
|---|---|---|---|
| 001 | 000029576 | ||
| 003 | DO-SdBNP | ||
| 005 | 20241211085827.0 | ||
| 007 | ta | ||
| 008 | 110419s1963 dr 000 0 spa d | ||
| 040 |
_aDO-SdBNP _bspa _cBNPHU _erda |
||
| 041 | _hspa | ||
| 082 |
_axxx _bT649o _222 |
||
| 100 | 1 |
_aTolentino, Hugo _eautor _953875 |
|
| 245 | 1 | 0 | _aOrígenes, vicisitudes y porvenir de la nacionalidad dominicana/. |
| 264 |
_aSanto Domingo : _bEnrriquillo, _c1963. |
||
| 300 |
_a32 páginas ; _c22 cm. |
||
| 336 |
_ardacontent _btexto _2txt |
||
| 337 |
_ardamedia _bsin mediación _2n |
||
| 338 |
_ardacarrier _bvolumen _2nc |
||
| 500 | _aConferencia pronunciada en la Universidad Autónoma de Santo Domingo el 7 de junio de 1983. | ||
| 590 | _aInventariado, 2024/DG | ||
| 910 | _aDG | ||
| 942 |
_2ddc _cLF2 |
||
| 999 |
_c29068 _d29068 |
||